00785nam a2200241Ia 45000010006000000050017000060070003000230080041000260400025000670410008000920820019001001000029001192450094001482500014002422600049002563000019003055040010003246530034003346530016003689420012003849520130003969990017005263541220240114001814.0ta070320s 198 g b000 u 465 u aCotton College,Assam a465 a928.9bIy 9 Ra aIyengar, K.R.Srinivasa . 0aRabindranath Tagore: A Critical Introduction /cK.R.Srinivasa Iyengar.hTextual Documents a1st ed. / aNew Delhi :bSterling publishers ,c© 1987. a119p. ;c22cm. aIndex aBiography-Rabindranath Tagore aG-Biography 2ddccBK 001040708Circulation (G)aSKBLbSKBLd2012-02-01f00000l0o928.9 Iy 9 Rap022/Assr2024-01-14 00:00:00t1w2012-02-01yBK c35394d35394